000 00617nam a22002177a 4500
003 DO-SdBNP
005 20211022153036.0
007 ta
008 210625e2017 dr a|||jr|||| 001 j spa d
020 _a9789945907124
040 _aDO-SdBNP
_bspa
_cBNPHU
082 4 _222
_bP879c
110 1 _aCentro Cultural Poveda
_96374
245 1 0 _aCuentos y fábulas para recordar /
_cedición Máximo Peña
260 _aSanto Domingo :
_bCentro Cultural Poveda,
_c2017.
300 _a52 p. :
_bil. ;
_c28 cm.
590 _aInventariado 2021 / MF
700 1 _aPeña, Máxima,
_eed.
_980329
910 _aMF
942 _2ddc
_cLBS1
999 _c50009
_d50009